000 00488nam a22001817a 4500
003 LK-CoDNM
005 20250127141750.0
008 250127b |||||||| |||| 00| 0 eng d
040 _aLK-CoDNM
_dLK-CoDNM
_eLK-CoDNM
041 _aeng
080 _a13
_bI15
100 _aDowning,Elliot Rowland
245 _aThe third and fourth generation
260 _aChicago, Illinois
_bThe university of chicago press
_c1918
300 _a164p. : ill ; 19 cm
650 _aFlowers
942 _cBK
999 _c237471
_d237471